|
|
|
|
| LEADER |
01181nam a2200289 a 4500 |
| 001 |
19855 |
| 003 |
BD-DhAAL |
| 008 |
100307s2008 nyua b 001 0 eng d |
| 999 |
|
|
|c 7709
|d 7709
|
| 010 |
|
|
|a 2007931523
|
| 020 |
|
|
|a 9780716775508 (hardcover)
|
| 020 |
|
|
|a 0716775506
|
| 040 |
|
|
|a DLC
|c DLC
|d DLC
|d BD-DhAAL
|
| 082 |
0 |
0 |
|a 530
|2 22
|
| 100 |
1 |
|
|a Tipler, Paul Allen,
|d 1933-
|9 40246
|
| 245 |
1 |
0 |
|a Modern physics /
|c Paul A. Tipler, Ralph A. Llewellyn.
|
| 250 |
|
|
|a Fifth edition
|
| 260 |
|
|
|a New York, NY :
|b W.H. Freeman,
|c c2008.
|
| 300 |
|
|
|a 1 v. (various pagings) :
|b illustrations ;
|c 27 cm.
|
| 504 |
|
|
|a Includes bibliographical references and index.
|
| 541 |
1 |
|
|e 00019855
|
| 650 |
|
0 |
|a Physics
|v Textbooks.
|9 40247
|
| 700 |
1 |
|
|a Llewellyn, Ralph A.
|9 40248
|
| 852 |
4 |
|
|a Ayesha Abed Library
|j General Stacks
|
| 942 |
|
|
|2 ddc
|c BK
|
| 952 |
|
|
|0 0
|1 0
|2 ddc
|4 0
|6 530_TIP_200800000000000
|7 0
|9 8461
|a BRACUL
|b BRACUL
|c GEN
|d 2010-03-07
|l 9
|m 90
|o 530 TIP
|p 3010019855
|r 2025-03-25
|s 2018-10-15
|t 1
|w 2010-03-07
|y BK
|
| 952 |
|
|
|0 0
|1 4
|2 ddc
|4 0
|6 530_000000000000000_TIP
|7 0
|9 8462
|a BRACUL
|b BRACUL
|c GEN
|d 2010-03-07
|l 2
|m 1
|o 530 TIP
|p 3010019856
|r 2010-10-10
|s 2010-08-22
|t 2
|w 2010-03-07
|y BK
|x Koha Inventory 2020
|